000 00613nam a2200217Ia 4500
003 IIN
005 20250530115438.0
008 250530s2024 xx ad 001 0 eng d
020 _cRs.1095.00
_a9789394525184
040 _aIIN
_bEnglish
082 _a616.890231
_bPRA
100 1 _aPrakash, P.
245 1 _aTextbook of Mental Health/Psychiatric Nursing
_bfor B.Sc Nursing Students/
_cP. Prakash
250 _a2nd ed
260 _aNew Delhi
_bCBS
_c2024
300 _axl, 656 p.
_bcol. ill.
500 _aIncludes Index
650 1 _aMental Health
_vNursing
650 1 _aPsychiatric
_vNursing
942 _cBOOK
999 _c1848
_d1848